00674nam a2200181 i 450000100060000000300090000600500170001500700030003200800410003510000170007624500950009326000490018830000320023749000950026965000150036483000920037985200210047150421ES-MaACL20260201184134.0t|030804s1911 fr ||||1| fre d1 aCrussard, L.10aExploitation des mines b: la taille et les voies contigües a la taille / cL. Crussard. aParis : bO. Doin, c1911 (eTours : fMame) aX 393 p. : bil. ; c18 cm.1 aEncyclopédie scientifique. Bibliothèque de mécanique appliquée et génie ; v51 a04aMinería.0 aEncyclopédie Scientifique. Bibliothèque de mécanique appliquée et géniev51 a aES-MaACLjD-4375